Statistiche per Numeri primi da 1 a 100

Clicka qui per fare il quiz!

Statistiche generali

  • Questo quiz è stato fatto 36 volte
  • Il punteggio medio è 23 su 25

Statistiche sulle risposte

Numero primo% Corretto
2
100%
3
100%
11
97%
13
97%
17
97%
23
97%
5
97%
7
97%
19
91%
29
91%
31
91%
41
91%
43
91%
47
91%
53
91%
59
91%
61
91%
67
91%
37
89%
73
89%
79
89%
71
86%
83
83%
89
83%
97
77%

Distribuzione punteggi

Percentile per numero di risposta

Percentuale di utenti per punteggio

I tuoi punteggi nel tempo

Non hai fatto questo quiz